LEADER 01747nam a2200337 i 4500 001 000000191974 003 CaOOAMICUS 005 20240723083856.0 008 100902s2010 gw m u000 u eng u 020 $a978-3-11-022889-2 020 $ae-978-3-11-022890-8 040 $aSeMil$bita 100 1 $aGupta, Nijay K.$0(OLS)http://semarc/name/70041 245 10$aWorship that makes sense to Paul :$ba new approach to the theology and ethics of Paul's cultic metaphors /$cNijay K. Gupta. 260 $aBerlin ; New York :$bDe Gruyter,$c2010. 300 $ax, 263 p. ;$c24 cm. 490 1 $aBeihefte zur Zeitschrift für die neutestamentliche Wissenschaft und die Kunde der älteren Kirche ;$v175 500 $aTesto rivisto della tesi 500 $aBibliography, p. [225]-254 650 4$aPaolo - Etica.$0(OLS)http://semarc/subject/18430 650 4$aBibbia - NT - Lettere di Paolo.$0(OLS)http://semarc/subject/4860 650 4$aPaolo - Metafore.$0(OLS)http://semarc/subject/36134 830 0$aBeihefte zur Zeitschrift für die neutestamentliche Wissenschaft und die Kunde der älteren Kirche ;$v175.$0(OLS)http://semarc/title/296 850 $aSeMil 852 $aSeMil$W1$xVenegono$y1$m2XA R 175$j253475$B142550$CSeMilBibl$Z2$F154098 $81 961 $aSottoscrizione: De Gruyter 996 $6020$a978-3-11-022889-2$9(OLS)http://semarc/number/183121 996 $6020$ae-978-3-11-022890-8$9(OLS)http://semarc/number/183122 996 $6245$aWorship that makes sense to Paul :$ba new approach to the theology and ethics of Paul's cultic metaphors$9(OLS)http://semarc/title/276552 996 $6260$aBerlin ; New York :$bDe Gruyter$9(OLS)http://semarc/publisher/29892 LEADER 01196nam a2200265 i 4500 001 000000212360 003 CaOOAMICUS 005 20120410000000.0 008 120410s2011 it u000 u mul u 013 $a191191 020 $a978-88-215-7015-5 040 $aSeMil$bita 245 10$aDeuteronomio /$cintroduzione, traduzione e commento a cura di Grazia Papola. 260 $aCinisello Balsamo :$bSan Paolo,$c2011. 300 $a400 p. ;$c22 cm. 490 0 $aNuova versione della Bibbia dai testi antichi ;$v5 650 4$aBibbia. Antico Testamento. Deuteronomio - Commentari, studi, critica, interpretazioni.$0(OLS)http://semarc/subject/2785 700 1 $aPapola, Grazia <1968- >.$0(OLS)http://semarc/name/65576 830 0$aNuova versione della Bibbia dai testi antichi ;$v5.$0(OLS)http://semarc/title/32532 850 $aSeMil 852 $aSeMil$W1$xVenegono$y1$m2XA E 5$j230472$B162794$CSeMilBibl$Z2$F173949 $81 961 $aSottoscrizione: San Paolo (Agente) 996 $6020$a978-88-215-7015-5$9(OLS)http://semarc/number/207882 996 $6245$aDeuteronomio$9(OLS)http://semarc/title/64777 996 $6260$aCinisello Balsamo :$bSan Paolo$9(OLS)http://semarc/publisher/30129